000 00394nam a2200145Ia 4500
008 150201s2004 xx 000 0 und d
082 _a614.42
_bE2004P
100 _aPARK,K.
245 _aESSENTIAL OF COMMUNITY HEALTH NURSING
250 _a4TH
260 _bBANARSIDAS BHANOT PUBLISHERS
_aJABAL PUR
_c2004
300 _a1-202
650 _aPREVENTIVE AND COMMUNITY DENTISTRY
942 _2ddc
_cBK
999 _c3941
_d3941